00325nam a2200145Ia 4500003000500000008004100005020001800046040001900064082000700083100001600090245002100106260003200127300000800159546001200167STCL181203s9999 xx 000 0 und d a9788175993327 aSTCLbENcSTCL 222 aKolby, Jeff 0aGRE: Prep Course bNova PressaNew Delhic2017 a614 aEnglish